| 000 | 00995 a2200241 4500 | ||
|---|---|---|---|
| 003 | OSt | ||
| 005 | 20180116192348.0 | ||
| 008 | 120531t xxu||||| |||| 00| 0 eng d | ||
| 020 | _a0442019351 | ||
| 020 | _a9780471286677 | ||
| 040 | _c0 | ||
| 082 | 0 | 4 | _a729 |
| 100 | 1 |
_aMahnke, Frank H. _92958 |
|
| 245 | 1 | 0 |
_aColor, environment, and human response : _ban interdisciplinary understanding of color and its use as a beneficial element in the design of the architectural environment / _cFrank H. Mahnke. |
| 260 |
_aNew York : _aLondon : _b Van Nostrand Reinhold ; _bChapman & Hall [distributor], _cc1996. |
||
| 300 |
_axii, 234p. : _bill. (some col.) ; _c26cm. |
||
| 500 | _aIncludes bibliographical references (p. [211]-219) and index. | ||
| 650 | 1 | 0 |
_aColor in architecture. _92959 |
| 650 | 1 | 0 |
_aArchitecture _xEnvironmental aspects. _92960 |
| 650 | 1 | 0 |
_aArchitecture _xHuman factors _92961 |
| 942 |
_aSADA _cBK _k729 MAH 1996 _2ddc |
||
| 999 |
_c352827 _d352827 |
||